00472nam a2200193Ia 4500003000900000008004100009040001300050040001300063041000800076100001100084245001800095250001000113260001200123260000900135300001200144490001200156490000700168600010300175IT-RoPAU120407s9999 xx 000 0 und d aIT-RoPAU cIT-RoPAU afra aAfrate aLes exposés aParis aDu Cerf c1988 c19.5 cm aSources v11 a"Io Tome: Exposés I-X 518 p. Sources C., 349 2o Tome: Exposés XI-XXIII 1042 p. Sources C. 359"